| 000 | 01182nmm a2200397 a 4500 | ||
|---|---|---|---|
| 003 | AR-BaBNM | ||
| 005 | 20251128205407.0 | ||
| 008 | 037119s1997 ||||||||||||||000 | spa|| | ||
| 020 | _a950-786-097-5 | ||
| 040 | _cAR-BaBNM | ||
| 245 | 1 | 0 | _aEstudios de historiografía argentina |
| 250 | _a1ª ed. | ||
| 260 |
_aBuenos Aires _bInstituto de Historia Argentina y Americana ' Dr. E.Ravignani' _c1997 |
||
| 300 | 0 | _a80 p. | |
| 504 | _aCada trabajo cuenta con bibliografía para consultar | ||
| 600 | 1 | 4 | _aIbarguren, Carlos |
| 600 | 1 | 4 |
_aQuesada, Ernesto _d1858-1934 |
| 600 | 1 | 4 | _aMolinari, Diego L. |
| 600 | 1 | 4 | _aCroce, Benedetto |
| 600 | 1 | 4 | _aRavignani, Emilio |
| 600 | 1 | 4 | _aTorre Revello, José |
| 650 | 4 | _aHISTORIOGRAFIA | |
| 650 | 4 | _aHISTORIA | |
| 650 | 4 | _aINVESTIGACION HISTORICA | |
| 650 | 4 | _aESCRITURA HISTORICA | |
| 650 | 4 | _aANALISIS HISTORICO | |
| 650 | 4 | _aMETODO HISTORICO | |
| 650 | 4 | _aHISTORIOGRAFIA ARGENTINA | |
| 700 | 1 |
_aMíguez, Eduardo _eeditor |
|
| 700 | 1 |
_aHourcade, Eduardo _eeditor |
|
| 700 | 1 |
_aCornblit, Oscar _eeditor |
|
| 700 | 1 |
_aGallo, Ezequiel _eeditor |
|
| 700 | 1 |
_aDotti, Jorge _eeditor |
|
| 942 | _cBK | ||
| 998 | _cmariana | ||
| 999 |
_c11245 _d11245 |
||